| 000 | 00702nam a22002297a 4500 | ||
|---|---|---|---|
| 999 |
_c1154 _d1154 |
||
| 001 | 12982 | ||
| 003 | BD-DhUAP | ||
| 005 | 20200203122207.0 | ||
| 008 | 200203s2008 bg ||||| b||| 000 0 eng d | ||
| 020 | _a984300000426 | ||
| 040 |
_aBD-DhUAP _bEng _cBD-DhUAP _dBD-DhUAP |
||
| 082 |
_223 _a347.5492 HAL |
||
| 100 | _aHalim, Abdul. | ||
| 245 |
_aThe legal system of Bangladesh : _bafter separation / _cAbdul Halim & N. E. Siddiki. |
||
| 260 |
_aDhaka : _bUniversity publications, _c2008. |
||
| 300 |
_a[16],449 pages ; _c22 cm. |
||
| 504 | _aIncludes bibliography. | ||
| 650 |
_aJustice, Administration of _zBangladesh. |
||
| 650 |
_aLaw _zBangladesh. |
||
| 700 | _aSiddiki, N. E. | ||
| 942 |
_2ddc _cBK |
||